000 00295nam a2200121Ia 4500
100 _aSantacruz operation Inc
942 _cBK
654 _aunix
245 _aSCO Unix system v Operating system users reference
260 _bSantacruz Operation Inc.
082 _a5.43
_bSCO
546 _aENGLISH
999 _c26150
_d26150